000 01032nam a22003497a 4500
001 0000188
003 KOHA_MİRAKIL
005 20260207001202.0
007 ta
008 081212b2006 tu |||gr||||#||||0|tur |
020 _a975591904X
_c11,69
040 _aTR-BiSEU
_btur
_cTR-BiSEU
_erda
041 0 _atur
044 _ctu
050 _aQA303
_b.S85 2006
100 1 _aSulak, Hidayet.
245 1 _aTemel matematik :
_b(sınıf öğretmenleği anabilimdalı öğrencileri için)/
_cHidayet Sulak ; Hidayet Sulak.
264 1 _aAnkara :
_bNobel Akademik Yayıncılık
_c2006
300 _a2 c.
336 _ametin
_btxt
_2rdacontent
337 _aaracısız
_bn
_2rdamedia
338 _acilt
_bnc
_2rdacarrier
490 1 _aNobel yayın ;
_vno.
490 1 _a919.
490 1 _aMatematik yayınları dizisi ;
_v36
500 _aKaynakça var.
650 0 _aMatematik.
_91486
830 1 _aNobel yayın ;
_vno.
_91510
830 1 _a919.
_92031
830 1 _aMatematik yayınları dizisi ;
_v36
_92032
942 _2lcc
_cBK
999 _c189
_d189